000 00213 a2200097 4500
001 28973
100 _aBateman H
245 _aTables of Integral Transforms
260 _a
_bMcGraw-Hill
_c
090 _c19366
_d19366
942 _aNUST-CAE
_cM
_c10409
999 _c264046
_d264046